A Guide to 1 Corinthians (Record no. 22902)
[ view plain ]
| 000 -LEADER | |
|---|---|
| fixed length control field | 00319nam a22001457a 4500 |
| 020 ## - INTERNATIONAL STANDARD BOOK NUMBER | |
| ISBN | 8172141564 |
| 082 ## - DEWEY DECIMAL CLASSIFICATION NUMBER | |
| Classification number | 227.207 |
| Author Cutter | HAR |
| 100 ## - MAIN ENTRY--AUTHOR NAME | |
| Author name | Hargreaves John |
| 245 ## - TITLE STATEMENT | |
| Title | A Guide to 1 Corinthians |
| 260 ## - PUBLICATION, DISTRIBUTION, ETC. (IMPRINT) | |
| Place of publication | Delhi |
| Name of publisher | ISPCK |
| Year of publication | 2018 |
| 300 ## - PHYSICAL DESCRIPTION | |
| Number of Pages | 243 |
| 650 ## - SUBJECT ADDED ENTRY--TOPICAL TERM | |
| Topical Term | Bible.--Corinthians, 1st |
| 942 ## - ADDED ENTRY ELEMENTS (KOHA) | |
| Koha item type | Books |
| Home library | Current library | Shelving location | Date acquired | Source of acquisition | Cost, normal purchase price | Full call number | Accession Number | Koha item type |
|---|---|---|---|---|---|---|---|---|
| Henry Martyn Institute Library | Henry Martyn Institute Library | General stacks | 06/04/2020 | ISPCK | 95.00 | 227.207 HAR | 11004279 | Books |
| Henry Martyn Institute Library | Henry Martyn Institute Library | General stacks | 06/04/2020 | ISPCK | 95.00 | 227.207 HAR | 11-4280 | Books |
